| 000 | 01189cam a2200229 4500 | ||
|---|---|---|---|
| 001 | ABS66575 | ||
| 008 | 030430n2003 000 0 eng u | ||
| 035 | _a(Sirsi) u122146 | ||
| 100 | _aBowsher, M. | ||
| 245 | _aEC procurement law and change during the tender or the contract | ||
| 260 | _c2003 | ||
| 490 |
_aInternational Construction Law Review _v20(1) January 2003, 154-176(23) |
||
| 520 | _aExamines the objective of the EU procurement legislation, Directive 71/305/EEC concerning the coordination of procedures for the award of public works contracts, which was to increase the transparency of the process by which such contracts are awarded. This will give tenderers from one member state a fair chance of winning a contract in another. The legislation however does not address problems which arise over changes to a project or tender whilst the tender process is ongoing. Looks at the current position, and the need for a change in legislation to address this deficit. | ||
| 590 | _aABS | ||
| 650 | _aPROCUREMENT CONTRACTS | ||
| 650 | _aTENDERS | ||
| 650 | _aDIRECTIVE 71/305/EEC | ||
| 650 | _aEEC | ||
| 650 | _aEUROPE | ||
| 690 |
_aProcurement _96260 |
||
| 942 | _n0 | ||
| 999 |
_c72589 _d72589 |
||